Responses for Show #7306 - Monday, May 23, 2016

Buzzy Cohen game 6.

Contestants

[<< previous game]

John McKay, an assistant secretary of the Colorado Senate from Lakewood, Colorado

Heidi Eichler, a high school science teacher from Morton Grove, Illinois

Buzzy Cohen, a music executive from Los Angeles, California (whose 5-day cash winnings total $101,402)

[next game >>]

Jeopardy! Round responses

ITALIAN CITIES
KEY WORDS
ARE YOU FEELING LUCKY?
AMERICAN HISTORY
WHOOPS
MY "BAD"
(Alex: "B-A-D" is going to come up in each correct response.)
    $200 6
Turin

Heidi
    $200 7
(Buzzy: What is a skeleton key?)

a master key

BuzzyHeidi
    $200 26
a rabbit

Buzzy
    $200 12
Pocahontas

Buzzy
    $200 20
hoot

Buzzy
    $200 1
"Bad Blood"

Heidi
    $2,600 13
Naples

Buzzy
    $400 8
a valet key

John
    $400 27
General Mills

John
    $400 16
the League of Women Voters

Heidi
    $400 21
roar

Heidi
    $400 2
"Bad Girls"

Triple Stumper
    $600 14
Genoa

Buzzy
    $600 9
a blank

John
    $600 28
(John: What is providence?)
(Heidi: What is fate?)

fortune

HeidiJohn
Triple Stumper
    $600 17
Howard Hughes

Heidi
    $600 22
wail

Buzzy
    $600 3
"Bad Reputation"

Triple Stumper
    $800 15
Venice

Heidi
    $800 10
duplicate

Buzzy
    $800 29
[The end-of-round signal sounds.]

Leif Erikson

Triple Stumper
    $800 18
Blair House

Triple Stumper
    $800 24
(Alex: Right. Less than a minute now.)

Rebel Yell

John
    $800 4
(John: What is "Bad Medicine"?)

"Bad Case Of Loving You"

BuzzyJohn
    $1000 23
Padua

Triple Stumper
    $1000 11
a skeleton key

Heidi
    $1000 19
(Heidi: Who is William Henry Harrison?)
(John: Who is... Tilden?)
...
(Alex: Who is [*]? "Go west, young man".)

Horace Greeley

HeidiJohn
Triple Stumper
    $1000 25
yelp

Triple Stumper
    $1000 5
"You Give Love A Bad Name"

Buzzy

Scores at the first commercial break (after clue 15):

Buzzy Heidi John
$5,800 $2,400 $200

Scores at the end of the Jeopardy! Round:

Buzzy Heidi John
$6,800 $2,200 -$200

Double Jeopardy! Round responses

PREFIXATED ON SCIENCE
NAME THE SPIN-OFF SOURCE
THE PULITZER PRIZE FOR FICTION
FOREIGN CURRENCY
SCULPTORS
THINGS THAT MAKE YOU GO "HM"
(Alex: "H-M" coming up in each correct response.)
    $400 8
red & green

Heidi
    $400 15
Happy Days

Heidi
    $400 20
North Korea

John
    $400 1
Canada

John
    $400 6
(Heidi: Who was Brancusi?)

Picasso

Heidi
Triple Stumper
    $400 13
(John: Who is Mike [*]?)

Schmidt

John
    $800 9
gastro‑

Heidi
    $800 16
The Crocodile Hunter

Heidi
    $800 21
Gone with the Wind

Triple Stumper
    $800 2
sun

Buzzy
    $800 7
(Alex: Same man who did Mount Rushmore.)

Gutzon Borglum

Triple Stumper
    $800 14
Khmer

Heidi
    $1200 10
anemo‑

John
    $1200 17
(Alex: Yeah. Why are you smiling? You don't want to admit that you watched it.)

Jersey Shore

Heidi
    $1200 22
the California Gold Rush

Buzzy
    $1200 3
the Czech Republic

Buzzy
    $1200 24
Donatello

Buzzy
    $1200 27
schmooze

Triple Stumper
    $1600 11
hygro‑

Triple Stumper
    $1600 18
Hercules

Buzzy
    $1600 23
Maine

Triple Stumper
    $1600 4
(Buzzy: What is the pound?)

the rand

Buzzy
Triple Stumper
    $1600 25
Christo

John
    $1600 28
algorithm

Buzzy
    $2,000 12
(John: What are bones and muscles?)

bones & bone marrow

John
    $2000 19
The Vampire Diaries

Heidi
    $2000 30
Philip Roth

Buzzy
    $2000 5
the yuan

John
    $2000 26
(Isamu) Noguchi

Buzzy
    $3,000 29
(Man in audience: Wow.)

Brahms

Buzzy

Scores at the end of the Double Jeopardy! Round:

Buzzy Heidi John
$19,800 $8,200 $3,800
(lock game)

[wagering suggestions for these scores]

Final Jeopardy! Round responses

U.S. GEOGRAPHY
JohnWhat is Ohio?
$1,200
HeidiWhat is New York?
$200
BuzzyWhat is See you tomorrow Trebek?!
$0
Indiana

Final scores:

Buzzy Heidi John
$19,800 $8,000 $2,600
6-day champion: $121,202 2nd place: $2,000 3rd place: $1,000

Game dynamics:

Coryat scores:

Buzzy Heidi John
$16,600 $8,200 $5,800
18 R
(including 2 DDs),
2 W
15 R,
3 W
10 R,
4 W
(including 1 DD)

Combined Coryat: $30,600

[game clues] [game scores] [suggest correction]

Game tape date: Unknown
The J! Archive is created by fans, for fans. Scraping, republication, monetization, and malicious use prohibited; this site may use cookies and collect identifying information. See terms. The Jeopardy! game show and all elements thereof, including but not limited to copyright and trademark thereto, are the property of Jeopardy Productions, Inc. and are protected under law. This website is not affiliated with, sponsored by, or operated by Jeopardy Productions, Inc. Join the discussion at JBoard.tv.